00764nam a2200205 a 450000100100000000500170001000800410002702000180006804000250008608200150011124501330012626000320025930000350029149000210032650000620034750500570040970000330046670000380049983000210053700004691620201002053216.0180406s2015 dr a r 000 0 spa d a9789945175165 aDO-SdBNPbspacBNPHU axxxxbxxxx00aLengua española 6 :blibro de texto, primaria 6 /cedición Elías Herrera Jerez ; ilustraciones Vanessa Languasco Méndez. aSanto Domingo :bSM,c2015. a2v. :bil. ;c28 cm. +eCD-ROM1 aProyecto Conecta aLa biblioteca posee libro texto y cuaderno de estrategias0 gv.1.tLibro texto --gv.2.tCuadernos de estrategia.12aHerrera Jerez, Elías,eed.12aLanguasco Méndez, Vanessa,eil. 0aProyecto Conecta